000 00352cam a2200145ua 4500
041 _aeng
_h
082 _a823.308
_bLOV/HA
100 _aLover, Samuel .
245 _aHandy Andy /
_cSamuel Lover.
_hTextual Documents
260 _aLondon :
_bJ M Dent and Sons Ltd ,
_c1961.
300 _a496 ; .
504 _a
942 _cBK
999 _c11396
_d11396